[Event "Anogia op 6th"]
[Site "Anogia"]
[Date "2017.07.13"]
[Round "5"]
[White "Pavloudaki, Kalliopi"]
[Black "Ballas, Kleon Evangelos"]
[Result "1-0"]
[WhiteElo "1181"]
[BlackElo "1940"]
[PlyCount "109"]
[EventDate "2017.07.10"]
[EventType "swiss"]
[EventRounds "9"]
[EventCountry "GRE"]
[SourceTitle "CBM 179 Extra"]
[Source "ChessBase"]
[SourceDate "2017.08.23"]
[SourceVersion "1"]
[SourceVersionDate "2017.08.23"]
[SourceQuality "1"]

1. e4 c6 2. d4 d5 3. Nc3 dxe4 4. Nxe4 Bf5 5. Ng3 Bg6 6. h4 h6 7. Nf3 Nd7 8. h5 Bh7 9. Bd3 Bxd3 10. Qxd3 e6 11. Bd2 Ngf6 12. 0-0-0 Be7 13. Ne4 Nxe4 14. Qxe4 Nf6 15. Qe2 Qd5 16. c4 Qe4 17. Qxe4 Nxe4 18. Be3 Rc8 19. Kb1 Bf6 20. Nd2 Nxd2+ 21. Rxd2 Ke7 22. d5 cxd5 23. cxd5 Rhd8 24. Rhd1 b6 25. dxe6 Kxe6 26. Re1 Kf5 27. f3 Be5 28. g4+ Kf6 29. f4 Bxf4 30. Bxf4 Rxd2 31. Bxd2 Rc4 32. Bc3+ Kg5 33. Bxg7 Rxg4 34. Rd1 Kxh5 35. Rh1+ Kg6 36. Bxh6 Rc4 37. Rc1 Re4 38. Bd2 Re7 39. a3 f5 40. Rg1+ Kf7 41. Bc3 Re2 42. Rg7+ Ke6 43. Rxa7 f4 44. Ra8 Kd5 45. Rd8+ Kc5 46. Bd4+ Kb5 47. Rf8 Re4 48. Rf5+ Kc4 49. Be5 f3 50. Bg3 Re3 51. Bf2 Rd3 52. Bxb6 Kb3 53. Rb5+ Kc4 54. Rb4+ Kd5 55. Kc2 1-0

[Event "GRE-ch U20 Girls"]
[Site "Chania"]
[Date "2017.01.05"]
[Round "6.10"]
[White "Pavloudaki, Kalliopi"]
[Black "Kaliontzaki, Argyro Evanthia"]
[Result "1-0"]
[WhiteElo "1137"]
[BlackElo "1093"]
[PlyCount "75"]
[EventDate "2017.01.02"]
[EventType "swiss"]
[EventRounds "9"]
[EventCountry "GRE"]
[SourceTitle "EXT 2024"]
[Source "ChessBase"]
[SourceDate "2023.10.10"]
[SourceVersion "1"]
[SourceVersionDate "2023.10.10"]
[SourceQuality "1"]

1. e4 c5 2. Nf3 Nc6 3. d4 cxd4 4. Nxd4 g6 5. Nc3 Bg7 6. Be3 Nf6 7. Bd3 0-0 8. Qd2 d5 9. Nxc6 bxc6 10. exd5 cxd5 11. Bh6 Qb6 12. 0-0-0 Bxh6 13. Qxh6 Qxf2 14. Qg5 Qc5 15. Ne4 Nxe4 16. Bxe4 e6 17. h4 f6 18. Qg4 Qe3+ 19. Kb1 Qxe4 20. Qg3 Ba6 21. h5 Rac8 22. Rd2 Rf7 23. hxg6 Qxg6 24. Qd6 Bb7 25. Qxe6 Kf8 26. Qd6+ Re7 27. Rf1 Rc6 28. Qxd5 Rxc2 29. Qd8+ Re8 30. Qd6+ Re7 31. Rxc2 Be4 32. Rxf6+ Qxf6 33. Qxf6+ Rf7 34. Qh8+ Ke7 35. Qe5+ Kf8 36. Qxe4 Rf1+ 37. Rc1 Rxc1+ 38. Kxc1 1-0

[Event "GRE-ch U20 Girls"]
[Site "Chania"]
[Date "2017.01.03"]
[Round "3.9"]
[White "Galani, Dimitra"]
[Black "Pavloudaki, Kalliopi"]
[Result "1-0"]
[WhiteElo "1496"]
[BlackElo "1137"]
[PlyCount "69"]
[EventDate "2017.01.02"]
[EventType "swiss"]
[EventRounds "9"]
[EventCountry "GRE"]
[SourceTitle "EXT 2024"]
[Source "ChessBase"]
[SourceDate "2023.10.10"]
[SourceVersion "1"]
[SourceVersionDate "2023.10.10"]
[SourceQuality "1"]

1. e4 e5 2. Nf3 Nc6 3. Bb5 a6 4. Ba4 Nf6 5. d3 b5 6. Bb3 Be7 7. c3 Na5 8. Nxe5 Nxb3 9. Qxb3 0-0 10. 0-0 Bb7 11. Nd2 d5 12. exd5 Bxd5 13. Qc2 Bd6 14. Ndf3 Re8 15. Re1 Nd7 16. d4 f6 17. Nxd7 Bxf3 18. Rxe8+ Qxe8 19. Nxf6+ gxf6 20. gxf3 Qh5 21. Qe4 Qxh2+ 22. Kf1 Rd8 23. Qg4+ Kf7 24. Qg2 Qh5 25. Ke2 Qf5 26. Bh6 Rg8 27. Qh1 Qc2+ 28. Kf1 Qxb2 29. Qh5+ Ke7 30. Re1+ Be5 31. dxe5 Qxc3 32. exf6+ Kxf6 33. Qh4+ Kf7 34. Re7+ Kg6 35. Qg5# 1-0

[Event "GRE-ch U12 Girls"]
[Site "Porto Rio"]
[Date "2016.07.01"]
[Round "6"]
[White "Pavloudaki, Kalliopi"]
[Black "Koutsouraki, Ariadni"]
[Result "1-0"]
[WhiteElo "1140"]
[BlackElo "1113"]
[PlyCount "57"]
[EventDate "2016.06.28"]
[EventType "swiss"]
[EventRounds "9"]
[EventCountry "GRE"]
[SourceTitle "CBM 173 Extra"]
[Source "ChessBase"]
[SourceDate "2016.08.29"]
[SourceVersion "1"]
[SourceVersionDate "2016.08.29"]
[SourceQuality "1"]

1. e4 e5 2. Nf3 Nc6 3. Bb5 a6 4. Ba4 Nf6 5. d3 h6 6. Nbd2 b5 7. Bb3 Bc5 8. 0-0 0-0 9. Re1 d6 10. c3 Bg4 11. Nf1 Re8 12. Ng3 Qd7 13. h3 Be6 14. Bc2 Qd8 15. Nh2 Bd7 16. Qf3 b4 17. Nf5 Bxf5 18. exf5 Ne7 19. Ng4 Nxg4 20. Qxg4 Kh8 21. Qh5 Rf8 22. f6 gxf6 23. Qxh6+ Kg8 24. d4 Ng6 25. Bxg6 fxg6 26. Qxg6+ Kh8 27. dxc5 dxc5 28. Re4 Qd1+ 29. Kh2 1-0